Sports By Picture - Statistics

General Stats
  • This quiz has been taken 267 times
  • The average score is 14 of 16
Answer Stats
Picture Answer % Correct
Basketball
100%
Soccer
98%
Baseball
97%
Tennis
97%
Football
95%
Bowling
90%
Volleyball
89%
Cricket
87%
Rugby
87%
Golf
84%
Darts
78%
Cycling
75%
Hockey
75%
Fencing
72%
Softball
70%
Curling
58%
No matching quizzes found
Score Distribution
Percent of People with Each Score
Percentile by Number Answered
Your Score History
You have not taken this quiz